00819nam a22002537a 4500003000500000005001700005008004100022010000900063011000900072035000900081040000900090100002800099245013400127260004000261300001000301500001100311502006900322650003000391650001400421650003700435650003300472650002500505650003500530CHAP20220329133427.0971013s1992 r 00010 d a6263 a7235 a6458 cCHAP00aMuñoz Licona, Arturo. aEfecto de fuentes nitrogenadas (NO3 y NH4), fósforo y calcio sobre el balance catiónico y rendimiento de maíz (Zea mays L.) aChapingo, Méx. :bEl autor,c1992 a62 h. a61-154 aTesis (Ing. Agr. Esp. en Suelos) -- UACH. Departamento de Suelos14aCalcioxEfecto en maíz.14aCationes.14aFertilizantesxEfecto en maíz.14aFósforoxEfecto en maíz.14aMaízxRendimiento.14aNitrógenoxEfecto en maíz.